000 01212nam0a2200301 4500
001 RU\NLR\bibl\1309621
005 20250615153623.0
021 _aRU
_b2009-11167
_9659
035 _a(NLR Aleph) 001295088
090 _a583613
_c583613
100 _a20081218d2008 |||y0rusy50 ca
101 0 _arus
102 _aRU
105 _ay |||||||||
200 1 _aКонфессиональные стереотипы современной молодежи
_fС.С. Малявина
_g[Морд. гос. пед. ин-т]
210 _aСаранск
_cМордовский государственный педагогический институт
_d2008
215 _a123 с.
_cпортр.
_d20
300 _aНа 123-й с. авт.: Малявина С.С., к.психол.н., доц.
320 _aБиблиогр.: с. 114-120 (111 назв.)
606 1 _aКонфессиональные стереотипы
_92540297
_3RU\NLR\auth\661503973
686 _aС550.566
700 1 _aМалявина
_bС. С.
_gСветлана Сергеевна
_4070
801 0 _aRU
_bNLR
_c20081218
_gRCR
801 1 _aRU
_bNLR
_c20081218
830 _aавт. по кн.
942 _cBOOK
980 _aNB